[Event "15th ETC"]
[Site "Gothenburg SWE"]
[Date "2005.08.05"]
[Round "7"]
[White "Beliavsky,A"]
[Black "Korchnoi,V"]
[Result "1/2-1/2"]
[WhiteElo "2599"]
[BlackElo "2615"]
[EventDate "2005.07.30"]

1. d4 Nf6 2. c4 e6 3. Nf3 Bb4+ 4. Bd2 a5 5. g3 b6 6. Bg2 Bb7 7. O-O O-O 8.
Bf4 Be7 9. Nc3 Ne4 10. Rc1 d6 11. Qd3 Nxc3 12. Rxc3 Nc6 13. e4 Nb4 14. Qb1
c5 15. d5 exd5 16. exd5 Bf6 17. Rcc1 b5 18. a3 Na6 19. Nd2 b4 20. Ne4 Be7
21. h4 h6 22. Rfe1 Bc8 23. Re2 f5 24. Nd2 Ra7 25. Rce1 g5 26. hxg5 hxg5 27.
Be3 Bf6 28. Nf3 Rg7 29. Bc1 Nc7 30. Qd3 Re8 31. Rxe8+ Nxe8 32. Qd1 Bd7 33.
axb4 axb4 34. Nh2 Rh7 35. Bf1 Ng7 36. Bd3 Kf7 37. Qf3 Qh8 38. Qg2 Rh6
1/2-1/2

[Event "15th ETC"]
[Site "Gothenburg SWE"]
[Date "2005.08.05"]
[Round "7"]
[White "Hillarp Persson,T"]
[Black "Ong,Kez"]
[Result "1-0"]
[WhiteElo "2511"]
[BlackElo "2371"]
[EventDate "2005.07.30"]

1. d4 Nf6 2. c4 e6 3. Nc3 Bb4 4. e3 b6 5. Bd3 Bb7 6. Nf3 Ne4 7. O-O f5 8.
Ne5 O-O 9. Ne2 Be7 10. b3 Bf6 11. Bb2 d6 12. Nf3 Nd7 13. Qc2 Qe7 14. Ng3
Nxg3 15. hxg3 g6 16. e4 Qg7 17. Rae1 c5 18. Ba3 Rfe8 19. Re2 fxe4 20. Bxe4
d5 21. cxd5 exd5 22. Bd3 cxd4 23. Rxe8+ Rxe8 24. b4 Rc8 25. Qb1 Ne5 26.
Nxe5 Bxe5 27. Bc1 Bf6 28. Bd2 Qf7 29. Qd1 Bc6 30. Qb3 Bb7 31. Qa3 Bc6 32.
Rc1 Qe7 33. Ba6 Rc7 34. Bf4 Bg5 35. Bxc7 Qxc7 36. b5 Bxc1 37. Qxc1 d3 38.
bxc6 d2 39. Qxd2 Qxc6 40. Bd3 a5 41. Qc2 Qd6 42. Bb5 Qe6 43. Qe2 Qd6 44.
Qe8+ Kg7 45. Qd7+ 1-0

[Event "15th ETC"]
[Site "Gothenburg SWE"]
[Date "2005.08.05"]
[Round "7"]
[White "Hall,Je"]
[Black "Hellsten,J"]
[Result "1/2-1/2"]
[WhiteElo "2487"]
[BlackElo "2582"]
[EventDate "2005.07.30"]

1. e4 c5 2. Nf3 e6 3. d4 cxd4 4. Nxd4 a6 5. Nc3 Qc7 6. Bd3 Bc5 7. Nb3 Be7
8. Qg4 g6 9. Bg5 d6 10. O-O-O Nc6 11. Kb1 Bd7 12. Be2 h5 13. Qh4 O-O-O 14.
Bxe7 Ngxe7 15. Qf4 Ne5 16. Qf6 Rhe8 17. f4 N5c6 18. g3 Rf8 19. Rd2 Kb8 20.
Rhd1 Bc8 21. a3 Ng8 22. Qg7 Nge7 23. Qf6 Ng8 24. Qg5 Nge7 25. Bf3 f6 26.
Qh4 e5 27. f5 gxf5 28. Qxh5 Rh8 29. Qf7 fxe4 30. Bxe4 Bg4 31. Rf1 d5 32.
Nxd5 Nxd5 33. Bxd5 Qxf7 34. Bxf7 Rxd2 35. Nxd2 Rxh2 36. Nc4 f5 37. Bd5 Ne7
38. Be6 Rh6 39. Bf7 e4 40. Ne3 Bf3 41. c4 Rf6 42. Be8 Rf8 43. Ba4 Rg8 44.
Bd7 Be2 45. Re1 Bd3+ 46. Kc1 Rxg3 47. Nxf5 Nxf5 48. Bxf5 Rg2 49. Bxe4 Rc2+
50. Kd1 Bxe4 51. Rxe4 Rxb2 52. Re3 Kc7 53. Kc1 Rh2 54. Kb1 Kd6 55. Rg3 Rh4
56. Kb2 Rxc4 57. Kb3 Re4 58. Rh3 Re5 59. Rg3 Kc5 60. Rh3 Kd4 61. Rh4+ Re4
62. Rh7 b6 63. Rh6 Kc5 64. Rh5+ Kd6 65. Rh6+ Re6 66. Rh3 Kc6 1/2-1/2

[Event "15th ETC"]
[Site "Gothenburg SWE"]
[Date "2005.08.05"]
[Round "7"]
[White "Agrest,E"]
[Black "Brynell,S"]
[Result "1-0"]
[WhiteElo "2592"]
[BlackElo "2484"]
[EventDate "2005.07.30"]

1. Nf3 d5 2. d4 Nf6 3. c4 dxc4 4. e3 e6 5. Bxc4 c5 6. O-O a6 7. a4 Nc6 8.
Qe2 cxd4 9. Rd1 Be7 10. exd4 O-O 11. Nc3 Nb4 12. Ne5 Nfd5 13. Ne4 Nf6 14.
Nxf6+ Bxf6 15. Ra3 Qe7 16. Ng4 Bd7 17. Nxf6+ Qxf6 18. Rg3 Bxa4 19. b3 Bc6
20. d5 Nxd5 21. Bb2 Qh6 22. Bxg7 Qxg7 23. Rxg7+ Kxg7 24. Qe5+ f6 25. Qxe6
Rae8 26. Qh3 Nf4 27. Qg3+ Ng6 28. f3 Re7 29. Rd6 Rfe8 30. h4 Re1+ 31. Kh2
R1e5 32. Qg4 a5 33. Bd3 Kf7 34. f4 Rc5 35. h5 Nf8 36. Bc4+ Ke7 37. Rd2 Nd7
38. Be6 Nf8 39. Bg8 Nd7 40. Bxh7 Rf8 41. Bf5 1-0

[Event "15th ETC"]
[Site "Gothenburg SWE"]
[Date "2005.08.05"]
[Round "7"]
[White "Rozentalis,E"]
[Black "Nyback,T"]
[Result "1/2-1/2"]
[WhiteElo "2567"]
[BlackElo "2571"]
[EventDate "2005.07.30"]

1. e4 d6 2. d4 Nf6 3. Nc3 g6 4. Nf3 Bg7 5. Be2 O-O 6. O-O Bg4 7. Be3 Nc6 8.
Nd2 Bxe2 9. Qxe2 e5 10. d5 Nd4 11. Qd3 Nd7 12. Nb3 Nxb3 13. axb3 a6 14. b4
f5 15. f3 Rf7 16. Ra5 Qf8 17. Rfa1 Rc8 18. b5 axb5 19. Qxb5 b6 20. Ra7 Bh6
21. Bf2 Bd2 22. exf5 gxf5 23. Qc4 Bxc3 24. Qxc3 Nf6 25. Qc6 Kg7 26. Ra8
Rxa8 27. Rxa8 Qe7 28. Ra7 Qd8 29. c4 Nh5 30. g3 Nf6 31. Qb7 Qe8 32. Qc6 Qf8
33. Kf1 Kg6 34. Ke2 e4 35. f4 e3 36. Bxe3 Qe7 37. h3 Qe4 38. Rxc7 Qc2+ 39.
Ke1 Qd3 40. Bxb6 Qb1+ 41. Ke2 Qxb2+ 42. Kf3 Qb3+ 43. Kg2 Qc2+ 44. Kh1 Qd1+
45. Kg2 Qe2+ 46. Kg1 Rf8 47. Qxd6 Ra8 48. Ra7 Qd1+ 49. Kg2 Qc2+ 50. Kf3
Qb3+ 51. Kg2 Qb2+ 52. Kf3 Qc3+ 53. Kg2 Qd2+ 1/2-1/2

[Event "15th ETC"]
[Site "Gothenburg SWE"]
[Date "2005.08.05"]
[Round "7"]
[White "Kveinys,A"]
[Black "Maki Uuro,Mi"]
[Result "1-0"]
[WhiteElo "2510"]
[BlackElo "2390"]
[EventDate "2005.07.30"]

1. d4 d5 2. Nf3 Nf6 3. c4 c6 4. Nc3 dxc4 5. a4 Bf5 6. Ne5 Nbd7 7. Nxc4 Nb6
8. Ne5 a5 9. g3 e6 10. Bg2 Bb4 11. O-O O-O 12. e3 h6 13. Qe2 Bh7 14. Rd1
Qe7 15. Bd2 Nfd7 16. Nd3 Bxd3 17. Qxd3 e5 18. d5 Nc5 19. Qc2 cxd5 20. Nxd5
Nxd5 21. Bxd5 Bxd2 22. Rxd2 Rad8 23. Rad1 Kh8 24. Qc4 b6 25. Qb5 Rd6 26.
Bf3 Rxd2 27. Rxd2 Rd8 28. Rxd8+ Qxd8 29. b4 axb4 30. a5 Qf6 31. Bd5 Qd8 32.
e4 Qd7 33. Qxd7 Nxd7 34. a6 b5 35. a7 Nb6 36. Bxf7 g5 37. Kf1 Kg7 38. Bd5
1-0

[Event "15th ETC"]
[Site "Gothenburg SWE"]
[Date "2005.08.05"]
[Round "7"]
[White "Van der Stricht,G"]
[Black "Lehner,O"]
[Result "1/2-1/2"]
[WhiteElo "2400"]
[BlackElo "2428"]
[EventDate "2005.07.30"]

1. d4 Nf6 2. c4 g6 3. Nc3 Bg7 4. e4 d6 5. Nf3 O-O 6. Be2 e5 7. O-O Na6 8.
Re1 c6 9. Bf1 Bg4 10. d5 cxd5 11. cxd5 Ne8 12. h3 Bd7 13. Bb5 Bc8 14. Rb1
h6 15. Nd2 f5 16. exf5 gxf5 17. f4 Nec7 18. Bf1 e4 19. Nc4 b5 20. Na5 b4
21. Nc6 Qe8 22. Nb5 Nxb5 23. Bxb5 Kh7 24. Nxa7 Bd7 25. Bxd7 Qxd7 26. Nc6
Nc5 27. Nxb4 Rg8 28. Be3 Bf6 29. Qh5 Rg3 30. Bf2 Rg6 31. Kh1 Rag8 32. Rg1
Qg7 33. Qxf5 Bd4 34. Bxd4 Qxd4 35. Nc6 Qg7 36. Rbf1 Kh8 37. g4 Rf8 38. Qh5
Kh7 39. g5 Nd3 40. gxh6 Rxg1+ 41. Rxg1 Qxh6 42. Qxh6+ Kxh6 43. Nd4 Rxf4 44.
Ne2 Rf5 45. Nc3 Re5 46. Rg3 e3 47. Ne2 Nxb2 48. Kg2 Na4 49. Kf1 Nb6 50. Nc3
Nxd5 51. Nxd5 Rxd5 52. Rxe3 Rd2 53. Re2 Rd3 54. Kg2 Ra3 55. Re6+ 1/2-1/2

[Event "15th ETC"]
[Site "Gothenburg SWE"]
[Date "2005.08.05"]
[Round "7"]
[White "Lendwai,R"]
[Black "Claesen,P"]
[Result "1/2-1/2"]
[WhiteElo "2416"]
[BlackElo "2384"]
[EventDate "2005.07.30"]

1. e4 e6 2. d3 d5 3. Nd2 Nf6 4. Ngf3 Bc5 5. e5 Nfd7 6. d4 Bb6 7. c4 c5 8.
cxd5 exd5 9. dxc5 Nxc5 10. Be2 Nc6 11. O-O O-O 12. Nb3 Ne4 13. Bf4 Re8 14.
h3 a6 1/2-1/2

[Event "15th ETC"]
[Site "Gothenburg SWE"]
[Date "2005.08.05"]
[Round "7"]
[White "Docx,S"]
[Black "Danner,G"]
[Result "1/2-1/2"]
[WhiteElo "2310"]
[BlackElo "2408"]
[EventDate "2005.07.30"]

1. d4 d5 2. c4 c6 3. Nc3 dxc4 4. e4 b5 5. a4 e5 6. dxe5 Qxd1+ 7. Kxd1 b4 8.
Nb1 Ba6 9. Nd2 c3 10. bxc3 bxc3 11. Nc4 c5 12. f4 Bb7 13. Ne2 c2+ 14. Kxc2
Bxe4+ 15. Kc3 Nc6 16. Ng3 Bd5 17. Nf5 Nd4 18. Nxd4 cxd4+ 19. Kxd4 Bc6 20.
Ba3 Nh6 21. Bxf8 Rxf8 22. Nd6+ Ke7 23. Bb5 Bxb5 24. axb5 f6 25. Rhf1 g5 26.
g3 gxf4 27. gxf4 Ke6 28. Ke4 fxe5 29. fxe5 Ng4 30. Rxf8 Rxf8 31. Ra6 Nf2+
32. Kd4 Rf4+ 33. Ne4+ Kd7 34. Rxa7+ Kc8 35. Ke3 Rxe4+ 36. Kxf2 Rxe5 37.
Rxh7 Rxb5 38. Re7 Kd8 39. Re4 Rb7 40. h4 Re7 41. Rg4 Ke8 42. h5 Re5 43. h6
Rh5 44. Rg6 Kf7 45. Ra6 Kg8 1/2-1/2

[Event "15th ETC"]
[Site "Gothenburg SWE"]
[Date "2005.08.05"]
[Round "7"]
[White "Jones,Ri"]
[Black "Bakalarz,M"]
[Result "1/2-1/2"]
[WhiteElo "2072"]
[BlackElo "2423"]
[EventDate "2005.07.30"]

1. e4 e5 2. f4 exf4 3. Nf3 d6 4. d4 g5 5. h4 g4 6. Ng1 Nf6 7. Qd3 d5 8. e5
Nh5 9. Ne2 f3 10. Bg5 Be7 11. Bxe7 Qxe7 12. gxf3 Nc6 13. Bg2 Nb4 14. Qd2
Bf5 15. Na3 f6 16. O-O-O O-O-O 17. Nf4 Nxa2+ 18. Kb1 Nc3+ 19. bxc3 Qxa3 20.
Nxh5 Qb3+ 21. Kc1 Qa3+ 22. Kb1 Qb3+ 23. Kc1 1/2-1/2

[Event "15th ETC"]
[Site "Gothenburg SWE"]
[Date "2005.08.05"]
[Round "7"]
[White "Berend,F"]
[Black "James,Dav"]
[Result "1/2-1/2"]
[WhiteElo "2374"]
[BlackElo "2213"]
[EventDate "2005.07.30"]

1. e4 c5 2. Nc3 d6 3. Nge2 Nf6 4. g3 g6 5. Bg2 Bg7 6. d4 cxd4 7. Nxd4 O-O
8. O-O a6 9. a4 Bd7 10. h3 Nc6 11. Nde2 Rb8 12. Nd5 b5 13. axb5 axb5 14.
Bg5 Ne8 15. Qc1 Nc7 16. Rd1 Re8 17. Bh6 Bh8 18. c3 Ne6 19. Be3 Na5 20. Qc2
Nc4 21. Ba7 Rb7 22. Ra2 Nc7 23. Nb4 Ne5 24. Nd4 Ne6 25. f4 Nxd4 26. cxd4
Nc4 27. Qf2 Na5 28. d5 Qc7 29. Bd4 Bxd4 30. Qxd4 Nb3 31. Qe3 Qc4 32. Nc6
Nd4 33. Nxe7+ Kf8 34. Qxd4 Qxa2 35. Nc6 Kg8 36. Rd2 Qc4 37. Qxc4 bxc4 38.
e5 Rb3 39. Kf2 Ra8 40. e6 Be8 41. Nd4 Rb6 42. Bf1 Ra2 43. Bxc4 Rbxb2 44.
Rxb2 Rxb2+ 45. Ke3 fxe6 46. dxe6 Kg7 47. g4 Rh2 48. Bf1 Ra2 49. g5 d5 50.
h4 Kf8 51. Bd3 Ra3 52. Nc2 Ra4 53. Nd4 Ra3 54. Nc2 Ra4 55. h5 Ke7 56. Nd4
Ra3 57. h6 Kd6 58. Nc2 Rb3 59. Nd4 1/2-1/2

[Event "15th ETC"]
[Site "Gothenburg SWE"]
[Date "2005.08.05"]
[Round "7"]
[White "Kyriakidis,T"]
[Black "Shaw,J"]
[Result "0-1"]
[WhiteElo "2144"]
[BlackElo "2449"]
[EventDate "2005.07.30"]

1. d4 d5 2. Nf3 Nf6 3. Bf4 c5 4. c3 Nc6 5. e3 e6 6. Nbd2 Bd6 7. Bg3 O-O 8.
Bd3 Qe7 9. Ne5 Bxe5 10. dxe5 Nd7 11. f4 f6 12. Qh5 g6 13. exf6 Nxf6 14. Qg5
Bd7 15. O-O Nh5 16. Bh4 Qxg5 17. Bxg5 Kg7 18. h3 Rae8 19. g4 Nf6 20. e4 d4
21. e5 Nd5 22. Ne4 b6 23. Bb5 Nxe5 24. fxe5 Bxb5 25. Bf6+ Kg8 26. Rf2 Bd3
27. Nd6 Nxf6 28. Nxe8 Nxe8 29. cxd4 c4 30. Rxf8+ Kxf8 31. Kf2 Nc7 32. Ke3
Nd5+ 33. Kd2 b5 34. a3 a5 35. Re1 Ke7 36. b3 g5 37. a4 b4 38. Rc1 Nc3 0-1

[Event "15th ETC"]
[Site "Gothenburg SWE"]
[Date "2005.08.06"]
[Round "8"]
[White "Janjgava,L"]
[Black "Avrukh,B"]
[Result "1/2-1/2"]
[WhiteElo "2472"]
[BlackElo "2652"]
[EventDate "2005.07.30"]

1. d4 Nf6 2. c4 g6 3. Nc3 Bg7 4. e4 d6 5. f3 O-O 6. Be3 Nbd7 7. Qd2 c5 8.
Nh3 a6 9. Nf2 cxd4 10. Bxd4 Ne5 11. Rc1 Bd7 12. b3 Qa5 13. Be3 Rfc8 14. Nd3
e6 15. Nxe5 dxe5 16. Nb1 Qc7 17. Bd3 Bf8 18. c5 Rd8 19. Qc2 Be8 20. O-O Nd7
21. Qf2 Nb8 22. Rc3 Nc6 23. Rfc1 Rd7 24. Bf1 Rad8 25. Na3 f5 26. Bg5 Rb8
27. exf5 exf5 28. Nc4 h6 29. Be3 f4 30. Bd2 Rbd8 31. Be1 Rd4 32. Nd2 g5 33.
a3 a5 34. Ne4 Bg6 35. Rc4 Kh8 36. Bc3 Rd1 37. Bb2 Qd7 38. Nd6 Rxc1 39. Rxc1
Bxd6 40. cxd6 Qxd6 41. Qb6 Rd7 42. Re1 Kh7 43. Bxe5 Qxa3 44. Bc3 a4 45. Bc4
axb3 46. Bxb3 Qa7 47. Qxa7 Nxa7 48. Re5 Nc6 49. Rc5 Re7 50. Bd5 Bd3 51.
Bxc6 bxc6 52. Rxc6 Rb7 53. h3 Rb1+ 54. Kh2 Rc1 55. Rc7+ 1/2-1/2

[Event "15th ETC"]
[Site "Gothenburg SWE"]
[Date "2005.08.06"]
[Round "8"]
[White "Papaioannou,I"]
[Black "Sokolov,I"]
[Result "1/2-1/2"]
[WhiteElo "2578"]
[BlackElo "2691"]
[EventDate "2005.07.30"]

1. d4 d5 2. c4 c6 3. Nf3 Nf6 4. Nc3 dxc4 5. a4 Bf5 6. Ne5 Nbd7 7. Nxc4 Nb6
8. Ne3 Bg6 9. a5 Nbd5 10. Nexd5 Nxd5 11. Qb3 e6 12. e4 Nxc3 13. bxc3 Bxe4
14. f3 Bd5 15. c4 Qh4+ 16. Ke2 Qxd4 17. Ra4 Bc5 18. Be3 Qe5 19. cxd5 exd5
20. f4 Qe7 21. Kf3 O-O 22. Bxc5 Qxc5 23. Qa3 b6 24. Bd3 Rfe8 25. Qxc5 bxc5
26. Rb1 Rab8 27. Raa1 g6 28. Rxb8 Rxb8 29. Rb1 Rxb1 30. Bxb1 Kf8 31. f5 Ke7
32. fxg6 fxg6 33. h4 Kf6 34. Bc2 c4 35. Ba4 c5 36. Kf4 h6 37. g3 g5+ 38.
hxg5+ hxg5+ 39. Ke3 Ke5 40. Bb5 d4+ 41. Ke2 c3 42. Kd3 Kf5 43. Bd7+ Ke5
1/2-1/2

[Event "15th ETC"]
[Site "Gothenburg SWE"]
[Date "2005.08.06"]
[Round "8"]
[White "Mastrovasilis,D"]
[Black "Van den Doel,E"]
[Result "1/2-1/2"]
[WhiteElo "2563"]
[BlackElo "2587"]
[EventDate "2005.07.30"]

1. e4 e5 2. Nf3 Nc6 3. Bb5 a6 4. Ba4 Nf6 5. O-O Be7 6. Re1 b5 7. Bb3 O-O 8.
a4 Bb7 9. d3 d6 10. Nc3 Na5 11. Ba2 b4 12. Ne2 c5 13. Ng3 Bc8 14. Nd2 Bg4
15. f3 Be6 16. Nc4 Nc6 17. Bg5 Rb8 18. Nf1 Nd7 19. Bd2 Nb6 20. Nxb6 Qxb6
21. Bc4 Na5 22. b3 Nxc4 23. dxc4 f5 24. exf5 Rxf5 25. Ng3 Rf7 26. Be3 Qc6
27. Qe2 Bh4 28. Bf2 Bf5 29. Rad1 Bg6 30. Ne4 Be7 31. Qd2 Rd8 32. Qd5 Qxd5
33. Rxd5 Rf4 34. Bg3 Bxe4 35. Rxe4 Rxe4 36. fxe4 Rf8 37. Rd3 Kf7 1/2-1/2

[Event "15th ETC"]
[Site "Gothenburg SWE"]
[Date "2005.08.06"]
[Round "8"]
[White "Wojtaszek,R"]
[Black "Lautier,J"]
[Result "1/2-1/2"]
[WhiteElo "2591"]
[BlackElo "2672"]
[EventDate "2005.07.30"]

1. d4 Nf6 2. c4 e6 3. Nf3 b6 4. Nc3 Bb7 5. a3 d5 6. cxd5 Nxd5 7. Qc2 Nxc3
8. bxc3 c5 9. e4 Nc6 10. Bb2 Rc8 11. Rd1 cxd4 12. cxd4 Bd6 13. d5 exd5 14.
exd5 Qe7+ 15. Qe2 Na5 16. Qxe7+ Kxe7 17. Bxg7 Rhg8 18. Nh4 Nc4 19. Nf5+ Kd7
20. Be2 Rge8 21. Ne3 Nxe3 22. fxe3 Rxe3 23. Kf2 Re4 24. Bb5+ Kd8 25. Bf6+
Kc7 26. g3 Bc5+ 27. Kf3 Re3+ 28. Kf4 Kd6 29. Rhe1 Rxe1 30. Rxe1 Bxd5 31. a4
Kc7 32. Rd1 Bd6+ 33. Be5 Bxe5+ 34. Kxe5 Be6 35. Rd4 Rd8 36. Rxd8 Kxd8 37.
Kf6 a5 38. Bd3 h6 39. h4 Ke8 40. Be2 Bd7 41. Bd1 b5 42. axb5 Bxb5 43. Bb3
a4 44. Bxf7+ Kf8 45. g4 a3 46. g5 hxg5 47. hxg5 Bd3 48. g6 1/2-1/2

[Event "15th ETC"]
[Site "Gothenburg SWE"]
[Date "2005.08.06"]
[Round "8"]
[White "Dorfman,J"]
[Black "Bobras,P"]
[Result "1/2-1/2"]
[WhiteElo "2592"]
[BlackElo "2525"]
[EventDate "2005.07.30"]

1. d4 Nf6 2. c4 g6 3. Nf3 Bg7 4. g3 d5 5. cxd5 Nxd5 6. Bg2 Nb6 7. Nc3 Nc6
8. e3 O-O 9. O-O Re8 10. d5 Na5 11. Nd4 Bd7 12. e4 c6 13. Re1 cxd5 14. exd5
Rc8 15. Bf4 h6 16. h4 Nac4 17. b3 Nd6 18. Rc1 Nf5 19. Be5 Bxe5 20. Rxe5 h5
21. Qd2 Qc7 22. Ree1 Nxd4 23. Qxd4 Qc5 24. Qxc5 Rxc5 25. d6 exd6 26. Ne4
Rxc1 27. Nf6+ Kh8 28. Rxc1 Rc8 29. Rxc8+ Bxc8 30. Ne8 d5 31. Nd6 Kg7 32.
Nxc8 1/2-1/2

[Event "15th ETC"]
[Site "Gothenburg SWE"]
[Date "2005.08.06"]
[Round "8"]
[White "Dautov,R"]
[Black "Guseinov,G"]
[Result "1/2-1/2"]
[WhiteElo "2595"]
[BlackElo "2585"]
[EventDate "2005.07.30"]

1. d4 Nf6 2. c4 g6 3. Nc3 Bg7 4. e4 d6 5. Nf3 O-O 6. Be2 Bg4 7. Be3 Nfd7 8.
d5 c5 9. O-O Na6 10. Qd2 Nc7 11. h3 Bxf3 12. Bxf3 a6 13. Be2 Re8 14. a4 e6
15. Rab1 exd5 16. exd5 a5 17. Rfe1 f5 18. Bf1 Ne5 19. f4 Nf7 20. Bf2 Qd7
21. Nb5 Nxb5 22. cxb5 b6 23. Bc4 Rxe1+ 24. Rxe1 Re8 25. b3 Rxe1+ 26. Qxe1
Bf6 27. Qe6 Qd8 28. g4 fxg4 29. hxg4 Bh4 30. Be3 Qf6 31. Qxf6 Bxf6 32. g5
Bd8 33. Bd3 h6 34. gxh6 Kh7 35. Kg2 Nxh6 36. Kf3 Nf5 1/2-1/2

[Event "15th ETC"]
[Site "Gothenburg SWE"]
[Date "2005.08.06"]
[Round "8"]
[White "Stocek,J"]
[Black "Balogh,C"]
[Result "1-0"]
[WhiteElo "2592"]
[BlackElo "2537"]
[EventDate "2005.07.30"]

1. d4 Nf6 2. c4 e6 3. Nf3 c5 4. d5 b5 5. dxe6 fxe6 6. cxb5 d5 7. Nc3 Bb7 8.
e4 d4 9. e5 dxc3 10. Qxd8+ Kxd8 11. exf6 gxf6 12. bxc3 Rg8 13. a4 Bd6 14.
Nd2 Be5 15. Bb2 Nd7 16. Nc4 Ke7 17. f3 a6 18. Na5 Bd5 19. bxa6 Nb6 20. Kf2
c4 21. Be2 Rxa6 22. Nb3 Nxa4 23. Nd2 Rc8 24. Ba3+ Kf7 25. Bb4 Raa8 26. Rhc1
h5 27. g3 h4 28. Ra3 hxg3+ 29. hxg3 Rh8 30. Rca1 Rh2+ 31. Ke3 Bxg3 32. Ne4
Bxe4 33. fxe4 Bf2+ 34. Kf3 Rg8 35. Bd6 Bg3 36. Bxg3 Rh3 37. Rg1 Nc5 38.
Ra7+ Kg6 39. Bf1 1-0

[Event "15th ETC"]
[Site "Gothenburg SWE"]
[Date "2005.08.06"]
[Round "8"]
[White "Hracek,Z"]
[Black "Gyimesi,Z"]
[Result "1/2-1/2"]
[WhiteElo "2591"]
[BlackElo "2628"]
[EventDate "2005.07.30"]

1. e4 e5 2. Nf3 Nc6 3. Bb5 a6 4. Ba4 Nf6 5. O-O Be7 6. Re1 b5 7. Bb3 O-O 8.
h3 Bb7 9. d3 d6 10. a3 Qd7 11. Nc3 Nd8 12. d4 exd4 13. Nxd4 Re8 14. Nf5 Ne6
15. Qf3 c5 16. Bxe6 fxe6 17. Nxe7+ Rxe7 18. Bg5 Rf7 19. Qd3 Raf8 20. Rad1
b4 21. axb4 cxb4 22. Nb1 d5 23. exd5 Nxd5 24. f3 Rf5 25. Be3 Qc7 26. Nd2
Nxe3 27. Qxe3 Bd5 28. c4 bxc3 29. bxc3 Qg3 30. c4 Bxf3 31. Qxe6+ Kh8 32.
Nxf3 Rxf3 33. Rf1 Rf2 34. Rxf2 Qxf2+ 1/2-1/2

[Event "15th ETC"]
[Site "Gothenburg SWE"]
[Date "2005.08.06"]
[Round "8"]
[White "Nisipeanu,LD"]
[Black "Damljanovic,B"]
[Result "1-0"]
[WhiteElo "2679"]
[BlackElo "2612"]
[EventDate "2005.07.30"]

1. e4 c5 2. Nf3 d6 3. d4 cxd4 4. Nxd4 Nf6 5. Nc3 a6 6. Bc4 e6 7. Bb3 Nc6 8.
Be3 Qc7 9. f4 Na5 10. f5 e5 11. Nde2 Nxb3 12. cxb3 b5 13. Rc1 Qb7 14. O-O
Bd7 15. Nd5 Nxd5 16. exd5 Rc8 17. Rxc8+ Qxc8 18. Ng3 Be7 19. Qg4 g6 20. Qe4
gxf5 21. Nxf5 Bxf5 22. Rxf5 h5 23. h3 h4 24. Rf1 Qd7 25. Kh2 Bd8 26. b4 f6
27. a4 Qg7 28. axb5 axb5 29. Qd3 Kf7 30. Ra1 Be7 31. Qf5 Qg3+ 32. Kh1 Qxe3
33. Qe6+ Kg6 34. Qxe7 Rc8 35. Rf1 Rc1 36. Qxf6+ Kh5 37. Qf7+ Kh6 38. Qf8+
Kh7 39. Qe7+ Kg6 40. Qe8+ Kg5 41. Qe7+ Kg6 42. Qxd6+ Kh5 43. Qf6 Rxf1+ 44.
Qxf1 Qd4 45. Qf5+ Kh6 46. Qf6+ Kh7 47. d6 1-0

[Event "15th ETC"]
[Site "Gothenburg SWE"]
[Date "2005.08.06"]
[Round "8"]
[White "Markus,R"]
[Black "Istratescu,A"]
[Result "1/2-1/2"]
[WhiteElo "2591"]
[BlackElo "2624"]
[EventDate "2005.07.30"]

1. d4 Nf6 2. c4 e6 3. Nf3 d5 4. g3 dxc4 5. Bg2 Nc6 6. Qa4 Nd7 7. Qxc4 Nb6
8. Qd3 e5 9. Nxe5 Nb4 10. Qc3 Qxd4 11. O-O Qxc3 12. Nxc3 Bd6 13. Nf3 c6 14.
Rd1 Be7 15. Nd4 Bd7 16. a3 Na6 17. b4 Nc7 18. Bf4 O-O-O 19. Ne4 Ne6 20. Nf5
Nxf4 21. Nxe7+ Kc7 22. gxf4 Rhe8 23. Nxc6 Bxc6 24. Rxd8 Kxd8 25. Nd6 Rxe2
26. Nxb7+ Bxb7 27. Bxb7 Rb2 28. Be4 g6 29. f5 Ke7 30. Rc1 Kd6 31. Rc5 Re2
32. Bf3 Re5 33. fxg6 hxg6 34. Rc6+ Kd7 35. Rc3 a5 36. Kg2 axb4 37. axb4 Nc8
38. b5 Nb6 39. Bc6+ Kd6 40. Rd3+ Kc5 41. Rf3 Re7 42. Kg3 Nc8 43. Rc3+ Kb6
44. Re3 Ra7 45. Rd3 Ne7 46. Be8 Nf5+ 47. Kg4 Kc5 48. Rc3+ Kd4 49. Rb3 Re7
50. Bc6 Kc5 51. Rc3+ Kb6 52. Kg5 Nd4 53. Re3 Ra7 54. Be8 Ra2 55. f3 Rxh2
56. Bxf7 Rg2+ 57. Kf6 Rg3 58. Bxg6 1/2-1/2

[Event "15th ETC"]
[Site "Gothenburg SWE"]
[Date "2005.08.06"]
[Round "8"]
[White "Sepp,O"]
[Black "Moiseenko,A"]
[Result "0-1"]
[WhiteElo "2462"]
[BlackElo "2664"]
[EventDate "2005.07.30"]

1. e4 c5 2. Nf3 Nc6 3. Bb5 d6 4. O-O Bd7 5. Re1 Nf6 6. c3 a6 7. Bf1 Bg4 8.
h3 Bh5 9. d3 e6 10. g4 Bg6 11. Nh2 e5 12. f4 exf4 13. Bxf4 Be7 14. Nd2 O-O
15. Bg2 d5 16. e5 Ne8 17. Nhf1 Nc7 18. Nf3 Ne6 19. Bg3 d4 20. cxd4 Nexd4
21. Ne3 Bxd3 22. Nxd4 Nxd4 23. Nd5 c4 24. Rc1 Bh4 25. Nf6+ Bxf6 26. exf6
Qxf6 27. Be5 Qb6 28. Kh1 Rad8 29. Qd2 Qg6 30. Qf2 Nc2 31. Red1 Rfe8 32. Qf4
f6 33. Bc7 Rd4 34. Qg3 Re3 35. Qf2 Re2 36. Qf3 Rxg2 37. Rxd3 cxd3 38. Qxg2
Qh6 0-1

[Event "15th ETC"]
[Site "Gothenburg SWE"]
[Date "2005.08.06"]
[Round "8"]
[White "Kuzubov,Y"]
[Black "Seeman,T"]
[Result "1-0"]
[WhiteElo "2535"]
[BlackElo "2405"]
[EventDate "2005.07.30"]

1. d4 Nf6 2. c4 g6 3. Nc3 Bg7 4. e4 d6 5. Be2 O-O 6. Nf3 e5 7. O-O Na6 8.
Be3 c6 9. d5 Ng4 10. Bg5 f6 11. Bh4 c5 12. a3 h5 13. Ne1 Bd7 14. Nd3 b6 15.
h3 Nh6 16. Rb1 g5 17. Bg3 h4 18. Bh2 Nc7 19. b4 Ne8 20. Qd2 f5 21. exf5
Nxf5 22. Ne4 Bh6 23. Bg4 Nf6 24. Nxf6+ Qxf6 25. f3 e4 26. fxe4 Qd4+ 27. Kh1
Qxe4 28. bxc5 bxc5 29. Rbc1 Rad8 30. Nf2 Qe3 31. Qc2 Bg7 32. Rfe1 Qxa3 33.
Ne4 Ne3 34. Qe2 Nxg4 35. hxg4 Bd4 36. Rc3 Bxc3 37. Qe3 Rde8 38. Qxg5+ Kh7
39. Qh5+ Kg7 40. Qg5+ Kh7 41. Qxh4+ Kg7 42. Qg5+ Kh7 43. Rb1 Bb2 44. Qh5+
Kg7 45. Nxd6 Re2 46. Nf5+ Kg8 47. Qg6+ Kh8 48. Rf1 Ree8 49. Qh6+ 1-0

[Event "15th ETC"]
[Site "Gothenburg SWE"]
[Date "2005.08.06"]
[Round "8"]
[White "Kulaots,K"]
[Black "Ivanchuk,V"]
[Result "1/2-1/2"]
[WhiteElo "2570"]
[BlackElo "2752"]
[EventDate "2005.07.30"]

1. e4 e6 2. d4 d5 3. Nc3 Nf6 4. e5 Nfd7 5. f4 c5 6. Nf3 Nc6 7. Be3 Qb6 8.
Na4 Qa5+ 9. c3 c4 10. b4 Qc7 11. Be2 Be7 12. O-O O-O 13. g4 b5 14. Nc5 a5
15. a3 axb4 16. Nxd7 Bxd7 17. axb4 f5 18. gxf5 Rxa1 19. Qxa1 Rxf5 20. Bd1
Bd8 21. Bc2 Rf7 22. Qb2 Qc8 23. Ra1 Be8 24. Qb1 h6 25. Ra2 Rf8 26. Qf1 Ne7
27. Nh4 Nc6 28. Nf3 Ne7 29. Nh4 Nc6 30. Nf3 1/2-1/2

[Event "15th ETC"]
[Site "Gothenburg SWE"]
[Date "2005.08.06"]
[Round "8"]
[White "Anastasian,A"]
[Black "Dizdar,G"]
[Result "1/2-1/2"]
[WhiteElo "2595"]
[BlackElo "2518"]
[EventDate "2005.07.30"]

1. d4 e6 2. c4 Nf6 3. Nc3 Bb4 4. Qc2 O-O 5. a3 Bxc3+ 6. Qxc3 b5 7. cxb5 c6
8. a4 a6 9. Bg5 axb5 10. a5 Na6 11. Nf3 c5 12. dxc5 Ne4 13. Bxd8 Nxc3 14.
Bb6 Na4 15. e3 N6xc5 16. Bxc5 Nxc5 17. b4 Na6 18. Rb1 Bb7 19. Bd3 Bxf3 20.
gxf3 Rab8 21. Kd2 Rfc8 22. h4 Kf8 23. h5 Ke7 24. Rh4 g6 25. hxg6 hxg6 26.
f4 d5 27. Rh7 Kf6 28. f3 Rc7 29. Rhh1 Ke7 30. Rb3 Kd6 31. e4 Rc4 32. Rhb1
Rcc8 33. Rc3 Rxc3 34. Kxc3 dxe4 35. fxe4 e5 36. Rf1 f6 37. Rg1 exf4 38.
Rxg6 Ke5 39. Rh6 Rc8+ 40. Kb3 Nc7 41. Rh5+ Kd4 42. Bf1 Rg8 43. Rf5 Kxe4 44.
Rxf6 Rg1 45. Rc6 Rxf1 46. Rxc7 Rb1+ 47. Kc2 Rxb4 48. a6 Ra4 49. a7 f3 50.
Kb3 f2 51. Rf7 Ke3 52. Re7+ Kd2 53. Rf7 Ke2 54. Re7+ Kf1 55. Rf7 Ra1 56.
Kb2 1/2-1/2

[Event "15th ETC"]
[Site "Gothenburg SWE"]
[Date "2005.08.06"]
[Round "8"]
[White "Timofeev,Arty"]
[Black "Sakalauskas,V"]
[Result "1-0"]
[WhiteElo "2661"]
[BlackElo "2473"]
[EventDate "2005.07.30"]

1. e4 e6 2. d4 d5 3. Nc3 Nf6 4. e5 Nfd7 5. f4 c5 6. Nf3 Qb6 7. Be3 a6 8. a3
Nc6 9. dxc5 Bxc5 10. Na4 Qa5+ 11. b4 Qxa4 12. bxc5 f6 13. exf6 gxf6 14. c4
Qa5+ 15. Qd2 dxc4 16. Bxc4 Nxc5 17. O-O Qxd2 18. Nxd2 b6 19. Rab1 Rb8 20.
Bxc5 bxc5 21. Rxb8 Nxb8 22. Ne4 Ke7 23. Nxc5 Nc6 24. Nxa6 Bxa6 25. Bxa6 Nd4
26. Rb1 Ra8 27. Rb6 Kd7 28. a4 Kc7 29. a5 Nc6 30. Kf2 Rd8 31. Bb5 Nd4 32.
Bc4 Ra8 33. Ba6 Nc6 34. h4 h6 35. g4 Rd8 36. Rb7+ Kd6 37. Rf7 h5 38. gxh5
f5 39. h6 Nxa5 40. h7 Nc6 41. Bb5 Ne7 42. h5 Rh8 43. Kg3 Nd5 44. Kh4 e5 45.
fxe5+ Ke6 46. Rg7 Ne3 47. Kg5 Ng4 48. Bd7+ 1-0